000 01825nam1a2200373 i 4500
001 RU\NLR\bibl\342874
005 20260407081220.0
035 _a(NLR Aleph) 000337724
090 _a196945
_c196945
100 _a20021204g20019999k y0rusy50 ca
101 0 _arus
102 _aRU
105 _a||||z |||||
200 1 _aСовременные образовательные технологии подготовки специалистов-экономистов в вузах России
_eТез. докл. и выступлений на Междунар. науч.-метод. конф., (27-30 марта 2001 г.)
_e[Материалы "круглого стола"
_fПод ред. Б.М. Смитиенко]
210 _aМ.
_cФин. акад.
_d2001
215 _d21
300 _aВ надзаг.: Фин. акад. при Правительстве Рос. Федерации
463 0 _1001337984
463 0 _1001339730
463 0 _1001339729
463 0 _1001339731
463 0 _1001336022
463 0 _1001340220
463 0 _1001340222
606 0 _aЭкономисты
_jТезисы докладов
_xПодготовка
_yРоссийская Федерация
_92186110
_3RU\NLR\auth\661314361
686 _aЧ489.31я431
702 1 _aСмитиенко
_bБ. М.
_f1947-
_gБорис Михайлович
711 1 2 _a"Гуманитарные и общеэкономические дисциплины", круглый стол
_f2001
_eМосква
_3RU\NLR\AUTH\8810041682
_9582701
801 0 _aRU
_bNLR
_c20021204
_gPSBO
801 1 _aRU
_bNLR
_c20021204
852 _aNLR
_j2002-3/28004
942 _cBOOK